LEADER 00846nam0-22002891i-450- 001 990000113050403321 035 $a000011305 035 $aFED01000011305 035 $a(Aleph)000011305FED01 035 $a000011305 100 $a20011111d--------km-y0itay50------ba 101 0 $aita 105 $ay-------001yy 200 1 $a<>sede della scuola rurale all'estero ed in Italia$fMaria Bongioannini. 210 $aTorino$cG. B. Paravia e comp.$d<190.> 215 $a127 p.$cill.$d24 cm 610 0 $aScuole rurali$aProgetti 676 $a727.1 700 1$aBongioannini,$bMaria$0333251 801 0$aIT$bUNINA$gRICA$2UNIMARC 901 $aBK 912 $a990000113050403321 952 $a13 K 24 01$b22137$fFINBC 959 $aFINBC 996 $aSede della scuola rurale all'estero ed in Italia$9115319 997 $aUNINA DB $aING01 LEADER 02630nam 2200553 450 001 9910820036803321 005 20230124195822.0 010 $a1-63400-103-6 035 $a(CKB)4100000009444308 035 $a(MiAaPQ)EBC5910300 035 $a(EXLCZ)994100000009444308 100 $a20191028d2019 uy 0 101 0 $aeng 135 $aurcnu|||||||| 181 $ctxt$2rdacontent 182 $cc$2rdamedia 183 $acr$2rdacarrier 200 10$aEducating librarians in the contemporary university $ean essay on iSchools and emancipatory resilience in library and information science /$fJoacim Hansson 210 1$aSacramento, California :$cLibrary Juice Press,$d2019 215 $a1 online resource (viii, 208 pages) 311 $a1-63400-058-7 320 $aIncludes bibliographical references (pages 183-201) and index. 327 $aBuilding a profession, with an education to go -- On librarianship and democracy, soft and hard -- Universities and the speed of life -- The open core of Library and Information Science -- Education for librarianship moving forward. 330 $a"Analyzes the development of library and information science in the contemporary university, in light of present critical social theory, focusing on such aspects as academic acceleration, organizational accretion and the rise of an "'entrepreneurial spirit'"--$cProvided by publisher. 606 $aInformation science$xSocial aspects 606 $aLibrary education$xSocial aspects 606 $aLibrary science$xSocial aspects 606 $aInformation science$xSocial aspects$zEurope 606 $aInformation science$xStudy and teaching (Higher)$xSocial aspects 606 $aLibrary science$xSocial aspects$zEurope 606 $aLibrary education$xSocial aspects$zEurope 606 $aInformation science$xStudy and teaching (Higher)$xSocial aspects$zEurope 615 0$aInformation science$xSocial aspects. 615 0$aLibrary education$xSocial aspects. 615 0$aLibrary science$xSocial aspects. 615 0$aInformation science$xSocial aspects 615 0$aInformation science$xStudy and teaching (Higher)$xSocial aspects. 615 0$aLibrary science$xSocial aspects 615 0$aLibrary education$xSocial aspects 615 0$aInformation science$xStudy and teaching (Higher)$xSocial aspects 676 $a020.711 700 $aHansson$b Joacim$f1966-$01667431 801 0$bMiAaPQ 801 1$bMiAaPQ 801 2$bMiAaPQ 906 $aBOOK 912 $a9910820036803321 996 $aEducating librarians in the contemporary university$94027234 997 $aUNINA LEADER 04744nam 22005895 450 001 9910131274103321 005 20250609110730.0 010 $a88-470-5717-5 024 7 $a10.1007/978-88-470-5717-3 035 $a(CKB)3710000000400012 035 $a(EBL)2094075 035 $a(SSID)ssj0001501744 035 $a(PQKBManifestationID)11814878 035 $a(PQKBTitleCode)TC0001501744 035 $a(PQKBWorkID)11457056 035 $a(PQKB)10656950 035 $a(DE-He213)978-88-470-5717-3 035 $a(MiAaPQ)EBC2094075 035 $a(PPN)185483968 035 $a(MiAaPQ)EBC3109746 035 $a(EXLCZ)993710000000400012 100 $a20150413d2015 u| 0 101 0 $aita 135 $aur|n|---||||| 181 $ctxt 182 $cc 183 $acr 200 10$aStoria della Dermatologia e della Venereologia in Italia /$fedited by Carlo Gelmetti 205 $a1st ed. 2015. 210 1$aMilano :$cSpringer Milan :$cImprint: Springer,$d2015. 215 $a1 online resource (389 p.) 300 $aDescription based upon print version of record. 311 08$a88-470-5716-7 320 $aIncludes bibliographical references at the end of each chapters. 327 $aPresentazione -- Prefazione -- I La dermatologia e venereologia in Italia dalle origini ai giorni nostri -- 1 La dermatologia e la venereologia nell?età classica -- 2 La dermatologia e la venereologia nel Medioevo -- 3 La dermatologia e la venereologia dal Rinascimento al XVIII secolo -- 4 La dermatologia e la venereologia del secolo XVIII -- 5 La dermatologia e la venereologia dal XIX al XX secolo -- 6 La sifilide: una storia intrigante -- 7 Girolamo Fracastoro -- 8 Il primo ospedale dermatologico del mondo: l?Ospedale San Gallicano dall?origine (1725) fino all?inizio del XXI secolo -- 9 Vincenzio Chiarugi -- 10 Il Giornale Italiano di Dermatologia e Venereologia -- 11 Scienza e arte nella storia della dermatologia e della venereologia: le cere dermatologiche -- 12 Le più note sindromi e malattie eponimiche originate da dermatologi italiani -- 13 Il Tigliole Skin Club -- III Le scuole e le realtà regionali -- 14 Area del nord Italia -- 15 Centro Italia -- 16 Roma e il Lazio -- 17 Area del sud e Isole -- IV Le società scientifiche e le relazioni internazionali -- 18 Le società scientifiche -- 19 Le relazioni internazionali. 330 $aQuesto libro potrebbe intitolarsi: ?Storia dell?importanza dell?aspetto e della sessualità in Italia? tanto questi due punti giocano un ruolo importante in questo contesto.  Durante le ricerche dell?autore, che voleva rappresentare succintamente il contributo degli Italiani nel mondo della Dermatologia e della Venereologia per fare giustizia di un vuoto immeritato e indegno, sono emerse, sempre più prepotentemente, delle storie quasi incredibili e hanno ripreso vita dei personaggi giganteschi che hanno obbligato a più di una riflessione. Quando la medicina incide sulla la vita privata, essa diventa strumento per capire i tratti caratterizzanti di una civiltà. Il fatto che la sifilide fosse chiamata dai Napoletani: ?mal Francese? e dai Francesi: ?mal Napolitain?, e che quasi ogni nazione chiamasse questa malattia, per spregio, con il nome della nazione confinante, la dice più lunga di molti trattati di sociologia. I pregiudizi tuttavia non si fermano alle malattie e il semplice colore della pelle è stato storicamente usato come potente arma impropria al servizio delle più sciagurate ideologie. Alcune affermazioni, che oggi leggiamo con stupore ed ironia, sono state per troppo tempo considerate come ?verità? scientifiche e, come tali, applicate nella prassi di tutti i giorni. Anche l?importanza dell?aspetto fisico (?self body image?) non è una moda di oggi come non sono una novità le pulsioni erotiche dell?essere umano. Conoscere la storia della Dermatologia e della Venereologia in Italia può essere utile a capire come eravamo e a far divenire un po? più saggi e tolleranti i lettori di oggi. 606 $aDermatology 606 $aMedicine?History 606 $aDermatology$3https://scigraph.springernature.com/ontologies/product-market-codes/H1900X 606 $aHistory of Medicine$3https://scigraph.springernature.com/ontologies/product-market-codes/H64000 615 0$aDermatology. 615 0$aMedicine?History. 615 14$aDermatology. 615 24$aHistory of Medicine. 676 $a610 676 $a616.5 676 $a616009 702 $aGelmetti$b Carlo$4edt$4http://id.loc.gov/vocabulary/relators/edt 906 $aBOOK 912 $a9910131274103321 996 $aStoria della Dermatologia e della Venereologia in Italia$91770937 997 $aUNINA